| 000 | 00704nam a22002297a 4500 | ||
|---|---|---|---|
| 999 |
_c178245 _d178245 |
||
| 005 | 20210323152638.0 | ||
| 006 | a|||||f|||| 00| 0 | ||
| 007 | tc | ||
| 008 | 180720b xxu||||| |||| 00| 0 eng d | ||
| 010 | _aBR-003290-BR-003291 | ||
| 020 | _c19.00 | ||
| 035 | _a BR-003290 | ||
| 037 | _bN.I.V.H. | ||
| 082 | _aS | ||
| 100 | _aIkeda,Daisaku | ||
| 245 | _aThe Wonderland of air | ||
| 260 |
_aDehradun _bN.I.V.H. _cDehradun |
||
| 270 |
_a116,Rajpur Road, Dehradun _bDehradun _e248001 |
||
| 300 |
_avarious pages. _c30cm(HB). |
||
| 942 |
_2ddc _cBRLEN _hS _mWON |
||